000
00340nam a2200169Ia 4500
100
_a
Joji/P
650
_a
pneumatics
942
_c
BK
366
_f
25
654
_a
pneumatics
245
_a
Pneumatic controls
260
_b
Wiley India
_c
2008
082
_a
629.8
_b
JOJ
300
_a
288
546
_a
ENGLISH
_c
Info.Tech
999
_c
28049
_d
28049